Statystyki dla Autobusy Poznańskie - linia 124

Kliknij tutaj aby rozwiązać quiz!

Ogólne statystyki

  • Ten quiz został rozwiązany 10 razy
  • Średni wynik to 3 z 6

Statystyki odpowiedzi

NumerPrzystanek% Poprawnych
1Safony
100%
6Instytut Technologiczno-Przyrodniczy
88%
3Żołnierzy Wyklętych
63%
4Kontryma
38%
5Stary Strzeszyn
38%
2Hejzoda
0%

Rozkład punktacji

Percentyl według liczby udzielonych odpowiedzi

Procent ludzi z każdym wynikiem

Twoja historia wyników

Nie rozwiązałeś tego quizu